Normal view
MARC view
- Crisis management.
Entry Topical Term
001 - CONTROL NUMBER
- control field: 21510
003 - CONTROL NUMBER IDENTIFIER
- control field: NUST
005 - DATE AND TIME OF LATEST TRANSACTION
- control field: 20190926110756.0
008 - FIXED-LENGTH DATA ELEMENTS
- fixed length control field: 190926|| aca||aabn | a|a d
040 ## - CATALOGING SOURCE
- Original cataloging agency: NUST
- Transcribing agency: NUST
150 ## - HEADING--TOPICAL TERM
- Topical term or geographic name entry element: Crisis management.
670 ## - SOURCE DATA FOUND
- Source citation: Work cat.: (NUST)0: Harvard business review on leading in turbulent times., c2003.
